Statistics for The G.O.A.T.s of Boxing

Click here to take the quiz!

General Stats

  • This quiz has been taken 1,403 times
  • The average score is 8 of 14

Answer Stats

Answer% Correct
Muhammad Ali
99%
Mike Tyson
95%
Floyd Mayweather
85%
George Foreman
63%
Manny Pacquiao
63%
Sugar Ray Robinson
63%
Sugar Ray Leonard
60%
Joe Frazier
58%
Joe Louis
55%
Rocky Marciano
52%
Roberto Duran
40%
Jack Dempsey
32%
Jack Johnson
24%
Henry Armstrong
9%

Score Distribution

Percentile by Number Answered

Percent of People with Each Score

Your Score History

You have not taken this quiz